<?xml version="1.0" encoding="UTF-8"?><?xml-stylesheet type="text/xsl" href="static/style.xsl"?><OAI-PMH xmlns="http://www.openarchives.org/OAI/2.0/" xmlns:xsi="http://www.w3.org/2001/XMLSchema-instance" xsi:schemaLocation="http://www.openarchives.org/OAI/2.0/ http://www.openarchives.org/OAI/2.0/OAI-PMH.xsd"><responseDate>2026-04-28T21:18:39Z</responseDate><request verb="GetRecord" identifier="oai:uvadoc.uva.es:10324/45979" metadataPrefix="marc">https://uvadoc.uva.es/oai/request</request><GetRecord><record><header><identifier>oai:uvadoc.uva.es:10324/45979</identifier><datestamp>2021-06-30T05:24:10Z</datestamp><setSpec>com_10324_38</setSpec><setSpec>col_10324_852</setSpec></header><metadata><record xmlns="http://www.loc.gov/MARC21/slim" xmlns:doc="http://www.lyncode.com/xoai" xmlns:xsi="http://www.w3.org/2001/XMLSchema-instance" xmlns:dcterms="http://purl.org/dc/terms/" xsi:schemaLocation="http://www.loc.gov/MARC21/slim http://www.loc.gov/standards/marcxml/schema/MARC21slim.xsd">
<leader>00925njm 22002777a 4500</leader>
<datafield tag="042" ind1=" " ind2=" ">
<subfield code="a">dc</subfield>
</datafield>
<datafield tag="720" ind1=" " ind2=" ">
<subfield code="a">Román San José, Raúl</subfield>
<subfield code="e">author</subfield>
</datafield>
<datafield tag="260" ind1=" " ind2=" ">
<subfield code="c">2021</subfield>
</datafield>
<datafield tag="520" ind1=" " ind2=" ">
<subfield code="a">La arquitectura ha proporcionado al ser humano lugares para su protección y satisfacción de las necesidades más íntimas, hallando en la esencia de los mismos, cualidades espaciales que permiten la percepción sensorial del medio que le rodea, satisfaciéndolo y haciéndolo partícipe de los mismos.&#xd;
Aalto fue un gran maestro en la construcción de espacios para la vida plena, en donde todos los sentidos se encuentran en armonía y transmiten una especial sensación sensorial del espacio. Los sentidos –algunos en especial- obtienen información del medio, una comunicación directamente relacionada con aspectos personales y sensoriales de la arquitectura.&#xd;
La percepción establece una relación entre el ser humano y los espacios que habita, ya que la arquitectura tiene la responsabilidad de satisfacer tanto funcional como sensorialmente las necesidades humanas a través de sus formas.&#xd;
Hay dos sentidos que destacan por su aplicación principal en la concepción de un espacio, el sonido y la vista, por su idea espacial y sensorial de la iluminación de un espacio, su sonido…&#xd;
De éste modo utilizaremos estos dos sentidos para realizar un análisis de las formas más características y representativas directamente relacionadas con estos sentidos en la arquitectura de Alvar Aalto.&#xd;
Este trabajo trata de ilustrar la influencia de los sentidos en la Arquitectura de Alvar Aalto.</subfield>
</datafield>
<datafield tag="024" ind2=" " ind1="8">
<subfield code="a">http://uvadoc.uva.es/handle/10324/45979</subfield>
</datafield>
<datafield ind1=" " ind2=" " tag="653">
<subfield code="a">Acústica arquitectónica</subfield>
</datafield>
<datafield ind1=" " ind2=" " tag="653">
<subfield code="a">Aalto, Alvar (1898-1976)</subfield>
</datafield>
<datafield tag="245" ind1="0" ind2="0">
<subfield code="a">La percepción de las formas. Aproximación a la obra de Alvar Aalto a través de la sombra y la acústica arquitectónicas</subfield>
</datafield>
</record></metadata></record></GetRecord></OAI-PMH>